Els Plans sectorials de coordinació interadministrativa de l'activitat local / Francesc Lliset i Borrell i Ana-Isabel Lliset i Canelles
ISBN:
84-7794-102-5
Descripción Física:
122 p. ; 23 cm
Colección:
Biblioteca Prat de la Riba ; 8
Otros Autores:
Lliset i Canelles, Ana-Isabel
Materias:
Administració local -- Espanya
MARC
| LEADER | 00000nam a2200000Ia 4500 | ||
|---|---|---|---|
| 001 | 9087 | ||
| 008 | 160829s1990 xx 000 0 cat d | ||
| 020 | |a 84-7794-102-5 | ||
| 080 | |a M-2-75 | ||
| 100 | 1 | |a Lliset Borrell, Francisco, |d 1932-2010 |9 3337 | |
| 245 | |a Els Plans sectorials de coordinació interadministrativa de l'activitat local / Francesc Lliset i Borrell i Ana-Isabel Lliset i Canelles | ||
| 260 | |a Barcelona : |b Diputació de Barcelona, |c 1990 | ||
| 300 | |a 122 p. ; |c 23 cm | ||
| 490 | |a Biblioteca Prat de la Riba ; 8 | ||
| 590 | |a A la coberta: Els plans sectorials de coordinació interadministrativa de l'activitat social. | ||
| 650 | 0 | |a Administració local |z Espanya |9 37433 | |
| 700 | 1 | |a Lliset i Canelles, Ana-Isabel |9 276 | |
| 901 | |a Arxiu | ||
| 942 | |n 1 | ||
| 952 | |0 0 |1 0 |4 0 |6 M275 |7 1 |9 54193 |a Arxiu |b Arxiu |d 2016-12-01 |l 0 |o M-2-75 |p 9087 |r 2016-12-01 00:00:00 |w 2016-12-01 |y ARXIU | ||
| 999 | |c 58062 |d 58062 | ||